Caricamento...

Microbiology

Dettagli Bibliografici
Autore principale: Black,Jacquelyn
Natura: Printed Book
Soggetti:
LEADER 00419 a2200109 4500
082 |2 6  |a 616.9041BLA/M 
100 |a Black,Jacquelyn  
245 |a Microbiology 
300 |a 807 p. 
650 |a Microbiology 
999 |c 279236  |d 279236 
952 |0 0  |1 0  |2 ddc  |4 0  |6 616_000000000000000_9041BLA_M  |7 0  |9 314888  |a CHS  |b CHS  |c ST1  |d 2010-08-06  |e Athulya Books, M G Road , Thalassery  |g 0.00  |i 3037  |l 7  |o 616.9041BLA/M  |p CHS3037  |r 2015-01-30  |s 2015-01-21  |w 2010-08-06  |y BK